00566 a2200145 4500003000500000005001700005040000900022082001200031100003600043245004500079260009400124300004100218505014000259650002100399Nust20221017120024.0 cNust a600,EDD aEddington, Arthur Stanley, Sir, aStars and atoms,c by A.S. Eddington ... aNew Haven, .b Yale university press; London, H. Milford, Oxford university press,c1927 a127p. front.,bplates, diagr. 23 cm. aLecture 1: The Interior Of A Star (Page-9), Lecture 2: Some Recent Investigations (Page-42), Lecture 3: The Age Of The Stars (Page-85). aStars and atoms,